000 nam a22 7a 4500
999 _c129267
_d129267
008 190327b xxu||||| |||| 00| 0 eng d
020 _a9780822333692
050 _aHQ76.25. E34 2004
100 _aEdelman, Lee
_945416
245 _aNo future:
_bqueer theory and the death drive
_c/ by Lee Edelman
260 _aDurham:
_bDuke University Press,
_c2004
300 _a191p. ;
_c24cm.
650 _aHomosexuality
_xphilosophy
_945417
650 _aHomeosexuality
_xpolitical aspects
_945418
650 _aQueer theory
_945419
942 _2lcc
_cMONOGRAPH